Visualizzazione normale
Vista MARC
- Famiglia nella società / società
di Topical Term
Records bibliografici associati: 1
001 - CONTROL NUMBER
- control field: 59354
003 - CONTROL NUMBER IDENTIFIER
- control field:
005 - DATE AND TIME OF LATEST TRANSACTION
- control field: 20230210084958.0
008 - FIXED-LENGTH DATA ELEMENTS
- fixed length control field: 230210|| aca||aabn | a|a d
040 ## - CATALOGING SOURCE
- Original cataloging agency:
- Transcribing agency:
150 ## - HEADING--TOPICAL TERM
- Topical term or geographic name entry element: Famiglia nella società / società
670 ## - SOURCE DATA FOUND
- Source citation: Work cat.: ()217249: Vietti Francesco 59353, Il paese delle badanti, 2010